Advances in fire retardant materials

Enregistré dans:
Détails bibliographiques
Autres auteurs: Horrocks, A.R (Éditeur intellectuel), Price, David (Éditeur intellectuel)
Format: Livre
Langue:anglais
Publié: Boca Raton : CRC Press, 2008
Sujets:
Tags: Ajouter un tag
Pas de tags, Soyez le premier à ajouter un tag!

MARC

LEADER 00000nam a22000003a 4500
001 stu202748
005 20150617230110.0
008 100426s2008----xxu-----------------eng-d
020 |a 978-1-4200-7961-6 
040 |a STU  |b slo 
041 0 |a eng 
044 |a xxu 
080 |a 620.2 
100 1 |a Horrocks, A.R.  |4 edt 
245 1 |a Advances in fire retardant materials 
260 |a Boca Raton :  |b CRC Press,  |c 2008 
300 |a 616 s 
650 7 |a materiálové inžinierstvo  |2 stusub 
650 7 |a fyzika horenia  |2 stusub 
650 7 |a materiály spomalujúce horenie  |2 stusub 
700 1 |a Price, David  |4 edt 
996 |b 284M078106  |c M*12726-1  |l MMKN  |s A  |a 24  |w stu202748_0001